| 000 | 00382 a2200157 4500 | ||
|---|---|---|---|
| 999 |
_c320908 _d320908 |
||
| 001 | 85835 | ||
| 003 | NUST | ||
| 005 | 20180119203940.0 | ||
| 008 | 180119b xxu||||| |||| 00| 0 eng d | ||
| 020 | _a9788080823 | ||
| 082 | _a341.247306 SEN | ||
| 100 |
_aRodolfo C. Severino _99184 |
||
| 245 |
_aASEAN Faces the Future _hEnglish |
||
| 250 | _a1st | ||
| 260 |
_aJakarat _bASEAN _c2001 |
||
| 300 | _avi 300p. | ||
| 500 | _aGifted By AM Masood Akhtar | ||
| 942 |
_acaenust _cBK _k341.247306 _2ddc |
||